Statistics for Highest Military Spending by GDP

Click here to take the quiz!

General Stats

  • This quiz has been taken 43 times
  • The average score is 10 of 20

Answer Stats

Spending (%)Country% Correct
3.48%United States
98%
4.08%Russia
88%
5.17%Israel
79%
6.59%Saudi Arabia
77%
4.81%Qatar
67%
6.69%Kuwait
63%
3.23%Ukraine
63%
7.34%Oman
58%
3.83%Pakistan
58%
3.56%Bahrain
56%
5.59%Algeria
44%
4.18%Morocco
44%
5.02%Jordan
40%
4.44%Armenia
37%
5.27%Azerbaijan
35%
3.87%Greece
35%
3.33%Myanmar
33%
3.26%Brunei
26%
3.40%Colombia
21%
3.00%Namibia
5%

Score Distribution

Percentile by Number Answered

Percent of People with Each Score

Your Score History

You have not taken this quiz